[Event "DVM U16 2020"]
[Site "Willingen GER"]
[Date "2021.06.27"]
[Round "7"]
[White "Tao, Alexander"]
[Black "Gülsen, Sinan Yilmaz"]
[Result "1-0"]
[Termination "normal"]
[Board "7.4"]
[WhiteElo "1631"]
[BlackElo "1357"]
[WhiteClock "00:28:42"]
[BlackClock "00:39:31"]
[WhiteTeam "SchVgg Blankenese von 1923 e.V."]
[BlackTeam "Karlsruher SF 1853"]
[PlyCount "97"]
[WhiteFideId "34606033"]
[BlackFideId "34606017"]
[EventCountry "GER"]
[EventRounds "7"]
[EventType "team-swiss"]
[EventDate "2021.06.23"]

1. e4 {[%clk 1:30:57]} 1... e5 {[%clk 1:30:54]} 2. Nf3 {[%clk 1:31:20]} 2...
Nc6 {[%clk 1:31:15]} 3. Bc4 {[%clk 1:31:39]} 3... Bc5 {[%clk 1:31:34]} 4. c3 {
[%clk 1:31:56]} 4... Nf6 {[%clk 1:31:55]} 5. d3 {[%clk 1:32:22]} 5... d6 {
[%clk 1:31:22]} 6. O-O {[%clk 1:32:30]} 6... Bg4 {[%clk 1:31:20]} 7. Nbd2 {
[%clk 1:32:41]} 7... Qd7 {[%clk 1:30:40]} 8. Re1 {[%clk 1:31:59]} 8... O-O {
[%clk 1:30:01]} 9. Bb3 {[%clk 1:31:36]} 9... Nh5 {[%clk 1:25:53]} 10. Nf1 {
[%clk 1:28:17]} 10... Nf6 {[%clk 1:22:59]} 11. Ba4 {[%clk 1:24:34]} 11... a6 {
[%clk 1:22:59]} 12. d4 {[%clk 1:24:06]} 12... exd4 {[%clk 1:23:21]} 13. cxd4 {
[%clk 1:24:28]} 13... Bxd4 {[%clk 1:23:39]} 14. Bxc6 {[%clk 1:24:32]} 14...
Bxf2+ {[%clk 1:21:51]} 15. Kxf2 {[%clk 1:24:56]} 15... Qxc6 {[%clk 1:22:09]}
16. Ng3 {[%clk 1:23:09]} 16... Rfe8 {[%clk 1:21:34]} 17. Qd3 {[%clk 1:20:47]}
17... Qb6+ {[%clk 1:19:57]} 18. Kf1 {[%clk 1:13:51]} 18... Bd7 {[%clk 1:09:52]}
19. a4 {[%clk 1:12:29]} 19... Ng4 {[%clk 1:04:33]} 20. Re2 {[%clk 1:07:08]}
20... Be6 {[%clk 1:01:11]} 21. h3 {[%clk 1:04:47]} 21... Ne5 {[%clk 1:00:45]}
22. Nxe5 {[%clk 1:04:44]} 22... dxe5 {[%clk 1:01:08]} 23. Be3 {[%clk 1:03:31]}
23... Qb4 {[%clk 1:01:04]} 24. Rc2 {[%clk 1:01:49]} 24... Rad8 {[%clk 0:58:33]}
25. Qe2 {[%clk 0:54:57]} 25... Qe7 {[%clk 0:55:39]} 26. Kg1 {[%clk 0:45:07]}
26... f6 {[%clk 0:52:52]} 27. Rac1 {[%clk 0:42:15]} 27... Rd7 {[%clk 0:53:00]}
28. Rd2 {[%clk 0:38:58]} 28... Bb3 {[%clk 0:50:28]} 29. Nf5 {[%clk 0:34:53]}
29... Qf7 {[%clk 0:45:32]} 30. Qg4 {[%clk 0:34:04]} 30... Be6 {[%clk 0:42:54]}
31. Qe2 {[%clk 0:29:59]} 31... Bxf5 {[%clk 0:41:14]} 32. exf5 {[%clk 0:30:17]}
32... Red8 {[%clk 0:41:36]} 33. Rxd7 {[%clk 0:29:43]} 33... Qxd7 { [%clk
0:41:50]} 34. Qc4+ {[%clk 0:30:01]} 34... Qd5 {[%clk 0:40:39]} 35. Qxd5+ {[%clk
0:29:34]} 35... Rxd5 {[%clk 0:41:01]} 36. Rxc7 {[%clk 0:29:50]} 36... e4 {[%clk
0:39:51]} 37. g4 {[%clk 0:29:56]} 37... h5 {[%clk 0:39:49]} 38. Kf2 { [%clk
0:29:53]} 38... b5 {[%clk 0:40:03]} 39. axb5 {[%clk 0:28:13]} 39... Rxb5 {[%clk
0:40:22]} 40. Bd4 {[%clk 0:28:26]} 40... Rb3 {[%clk 0:40:10]} 41. Bc3 { [%clk
0:28:43]} 41... Rb5 {[%clk 0:39:47]} 42. Ke3 {[%clk 0:28:57]} 42... hxg4 {[%clk
0:39:52]} 43. hxg4 {[%clk 0:29:20]} 43... Rb8 {[%clk 0:39:24]} 44. Re7 { [%clk
0:29:10]} 44... a5 {[%clk 0:38:54]} 45. Rxe4 {[%clk 0:29:29]} 45... Ra8 { [%clk
0:39:10]} 46. Ra4 {[%clk 0:29:29]} 46... Re8+ {[%clk 0:39:19]} 47. Kf3 { [%clk
0:28:41]} 47... g6 {[%clk 0:39:23]} 48. Rxa5 {[%clk 0:28:28]} 48... gxf5 {[%clk
0:39:31]} 49. Rxf5 {[%clk 0:28:42]} 1-0

[Event "DVM U16 2020"]
[Site "Willingen GER"]
[Date "2021.06.27"]
[Round "7"]
[White "Hassemeier, Mika"]
[Black "Weidemann, Jakob"]
[Result "1-0"]
[Termination "normal"]
[Board "8.1"]
[WhiteElo "2072"]
[BlackElo "1570"]
[WhiteClock "00:07:41"]
[BlackClock "00:49:25"]
[WhiteTeam "FVS ASP Hoyerswerda"]
[BlackTeam "Schachklub Münster 32 e. V."]
[PlyCount "129"]
[WhiteFideId "12994880"]
[BlackFideId "16255470"]
[EventCountry "GER"]
[EventRounds "7"]
[EventType "team-swiss"]
[EventDate "2021.06.23"]

1. d4 {[%clk 1:30:58]} 1... Nf6 {[%clk 1:30:52]} 2. c4 {[%clk 1:31:23]} 2... e6
{[%clk 1:31:17]} 3. Nc3 {[%clk 1:31:31]} 3... Bb4 {[%clk 1:31:39]} 4. Qc2 {
[%clk 1:31:54]} 4... d5 {[%clk 1:32:04]} 5. cxd5 {[%clk 1:32:16]} 5... Qxd5 {
[%clk 1:32:24]} 6. Nf3 {[%clk 1:30:42]} 6... Qf5 {[%clk 1:32:44]} 7. Qxf5 {
[%clk 1:28:45]} 7... exf5 {[%clk 1:33:03]} 8. Bd2 {[%clk 1:26:48]} 8... Be6 {
[%clk 1:29:39]} 9. e3 {[%clk 1:25:06]} 9... c6 {[%clk 1:27:54]} 10. Ng5 { [%clk
1:21:00]} 10... Nbd7 {[%clk 1:27:29]} 11. f3 {[%clk 1:10:38]} 11... h6 { [%clk
1:26:28]} 12. Nh3 {[%clk 1:05:53]} 12... O-O {[%clk 1:21:56]} 13. a3 { [%clk
0:56:00]} 13... Ba5 {[%clk 1:21:19]} 14. Nf4 {[%clk 0:52:23]} 14... Rfe8 {[%clk
1:20:04]} 15. Nd3 {[%clk 0:45:23]} 15... Bb3 {[%clk 1:18:31]} 16. Kf2 { [%clk
0:42:55]} 16... Rad8 {[%clk 1:16:06]} 17. Nc1 {[%clk 0:42:10]} 17... Be6 {[%clk
1:14:43]} 18. b4 {[%clk 0:42:09]} 18... Bb6 {[%clk 1:14:56]} 19. Nd3 { [%clk
0:39:10]} 19... Bc4 {[%clk 1:11:58]} 20. g3 {[%clk 0:31:51]} 20... g6 { [%clk
1:06:21]} 21. Na4 {[%clk 0:24:36]} 21... Bxd3 {[%clk 1:05:19]} 22. Bxd3 { [%clk
0:24:41]} 22... Ne5 {[%clk 0:55:02]} 23. Be2 {[%clk 0:22:42]} 23... Ned7 {[%clk
0:47:30]} 24. Rac1 {[%clk 0:19:37]} 24... g5 {[%clk 0:46:50]} 25. h4 { [%clk
0:11:15]} 25... g4 {[%clk 0:46:48]} 26. Bd3 {[%clk 0:06:33]} 26... Ne5 { [%clk
0:44:57]} 27. Bxf5 {[%clk 0:06:57]} 27... Nxf3 {[%clk 0:45:03]} 28. Rhd1 {[%clk
0:04:28]} 28... Ne4+ {[%clk 0:39:03]} 29. Bxe4 {[%clk 0:04:51]} 29... Rxe4
{[%clk 0:39:28]} 30. Nc5 {[%clk 0:05:13]} 30... Bxc5 {[%clk 0:38:57]} 31. Rxc5
{[%clk 0:05:34]} 31... Nxd2 {[%clk 0:34:07]} 32. Rxd2 {[%clk 0:05:59]} 32...
Rde8 {[%clk 0:34:12]} 33. Rd3 {[%clk 0:04:24]} 33... R8e6 {[%clk 0:33:44] } 34.
b5 {[%clk 0:03:24]} 34... Rf6+ {[%clk 0:33:03]} 35. Ke2 {[%clk 0:02:51]} 35...
Ree6 {[%clk 0:31:50]} 36. bxc6 {[%clk 0:02:14]} 36... bxc6 { [%clk 0:32:07]}
37. Rdc3 {[%clk 0:01:48]} 37... Kf8 {[%clk 0:31:20]} 38. Ra5 { [%clk 0:00:37]}
38... Rf3 {[%clk 0:30:26]} 39. Rxa7 {[%clk 0:01:03]} 39... Rxg3 {[%clk
0:30:48]} 40. Rc7 {[%clk 0:01:03]} 40... Rg2+ {[%clk 0:29:51]} 41. Kf1 { [%clk
0:30:10]} 41... Ra2 {[%clk 0:56:15]} 42. R7xc6 {[%clk 0:29:37]} 42... Rxc6
{[%clk 0:56:30]} 43. Rxc6 {[%clk 0:30:00]} 43... Rxa3 {[%clk 0:56:54]} 44. Kf2
{[%clk 0:29:14]} 44... g3+ {[%clk 0:56:40]} 45. Kxg3 {[%clk 0:29:23]} 45...
Rxe3+ {[%clk 0:57:00]} 46. Kf4 {[%clk 0:28:12]} 46... Re6 {[%clk 0:56:57]} 47.
Rc7 {[%clk 0:22:48]} 47... Kg7 {[%clk 0:55:44]} 48. d5 {[%clk 0:20:41]} 48...
Rd6 {[%clk 0:50:55]} 49. Ke5 {[%clk 0:20:05]} 49... Rd8 {[%clk 0:51:19]} 50. d6
{[%clk 0:18:32]} 50... Kg6 {[%clk 0:49:19]} 51. h5+ {[%clk 0:13:36]} 51... Kxh5
{[%clk 0:49:34]} 52. Rxf7 {[%clk 0:13:58]} 52... Kg4 {[%clk 0:48:23]} 53. Rg7+
{[%clk 0:11:09]} 53... Kh4 {[%clk 0:48:27]} 54. d7 {[%clk 0:07:25]} 54... Kh3 {
[%clk 0:46:32]} 55. Kd6 {[%clk 0:07:12]} 55... h5 {[%clk 0:46:55]} 56. Ke7 {
[%clk 0:06:59]} 56... Ra8 {[%clk 0:46:57]} 57. d8=Q {[%clk 0:07:20]} 57... Rxd8
{[%clk 0:47:12]} 58. Kxd8 {[%clk 0:07:44]} 58... h4 {[%clk 0:47:36]} 59. Ke7 {
[%clk 0:07:45]} 59... Kh2 {[%clk 0:48:00]} 60. Kf6 {[%clk 0:07:51]} 60... h3 {
[%clk 0:48:25]} 61. Kf5 {[%clk 0:07:27]} 61... Kh1 {[%clk 0:48:17]} 62. Kf4 {
[%clk 0:06:45]} 62... h2 {[%clk 0:48:38]} 63. Kg3 {[%clk 0:07:06]} 63... Kg1 {
[%clk 0:49:04]} 64. Kh3+ {[%clk 0:07:22]} 64... Kh1 {[%clk 0:49:25]} 65. Ra7 {
[%clk 0:07:41]} 1-0

[Event "DVM U16 2020"]
[Site "Willingen GER"]
[Date "2021.06.27"]
[Round "7"]
[White "John, Niklas"]
[Black "Schuh, Robert"]
[Result "0-1"]
[Termination "normal"]
[Board "8.2"]
[WhiteElo "1521"]
[BlackElo "1588"]
[WhiteClock "00:00:31"]
[BlackClock "00:33:43"]
[WhiteTeam "Schachklub Münster 32 e. V."]
[BlackTeam "FVS ASP Hoyerswerda"]
[PlyCount "120"]
[WhiteFideId "16234626"]
[BlackFideId "16215990"]
[EventCountry "GER"]
[EventRounds "7"]
[EventType "team-swiss"]
[EventDate "2021.06.23"]

1. e4 {[%clk 1:30:54]} 1... e6 {[%clk 1:30:55]} 2. d4 {[%clk 1:31:17]} 2... d5
{[%clk 1:31:20]} 3. Nd2 {[%clk 1:31:32]} 3... dxe4 {[%clk 1:31:28]} 4. Nxe4 {
[%clk 1:31:41]} 4... Nd7 {[%clk 1:31:40]} 5. Nf3 {[%clk 1:30:25]} 5... Ngf6 {
[%clk 1:29:35]} 6. Bd3 {[%clk 1:29:37]} 6... Be7 {[%clk 1:28:37]} 7. c3 { [%clk
1:27:02]} 7... Nxe4 {[%clk 1:25:40]} 8. Bxe4 {[%clk 1:27:11]} 8... Nf6 { [%clk
1:25:03]} 9. Bc2 {[%clk 1:26:20]} 9... a6 {[%clk 1:16:06]} 10. O-O { [%clk
1:23:05]} 10... b5 {[%clk 1:05:41]} 11. Qd3 {[%clk 1:17:44]} 11... Bb7 { [%clk
1:04:00]} 12. Re1 {[%clk 1:12:34]} 12... c5 {[%clk 0:51:04]} 13. Be3 { [%clk
0:58:29]} 13... Be4 {[%clk 0:48:09]} 14. Qe2 {[%clk 0:57:28]} 14... Bxc2 {[%clk
0:48:12]} 15. Qxc2 {[%clk 0:57:45]} 15... Qc7 {[%clk 0:47:09]} 16. dxc5 {[%clk
0:53:33]} 16... Bxc5 {[%clk 0:46:10]} 17. Bxc5 {[%clk 0:51:58]} 17... Qxc5
{[%clk 0:46:20]} 18. Re5 {[%clk 0:50:38]} 18... Qc7 {[%clk 0:45:14]} 19. a4
{[%clk 0:42:39]} 19... O-O {[%clk 0:42:11]} 20. axb5 {[%clk 0:39:54]} 20...
axb5 {[%clk 0:42:11]} 21. Rd1 {[%clk 0:39:17]} 21... Rfb8 {[%clk 0:39:28]} 22.
h3 {[%clk 0:27:59]} 22... h6 {[%clk 0:37:40]} 23. Qe2 {[%clk 0:21:21]} 23...
Nd5 {[%clk 0:33:44]} 24. Rc1 {[%clk 0:13:19]} 24... Qc4 {[%clk 0:29:14]} 25.
Nd4 {[%clk 0:09:48]} 25... Ra2 {[%clk 0:28:40]} 26. Rc2 {[%clk 0:06:47]} 26...
Nf4 {[%clk 0:22:32]} 27. Qxc4 {[%clk 0:06:14]} 27... bxc4 {[%clk 0:22:46]} 28.
Rb5 {[%clk 0:05:30]} 28... Rxb5 {[%clk 0:22:36]} 29. Nxb5 {[%clk 0:05:54]}
29... Nd3 {[%clk 0:22:47]} 30. Kf1 {[%clk 0:03:49]} 30... Kf8 {[%clk 0:21:32]}
31. Ke2 {[%clk 0:03:28]} 31... Ke7 {[%clk 0:20:25]} 32. Kd2 {[%clk 0:01:34]}
32... Nxf2 {[%clk 0:16:36]} 33. Na3 {[%clk 0:01:48]} 33... Ne4+ {[%clk 0:16:05]
} 34. Ke3 {[%clk 0:02:05]} 34... Nd6 {[%clk 0:15:15]} 35. Kd4 {[%clk 0:02:14]}
35... f6 {[%clk 0:14:46]} 36. Nxc4 {[%clk 0:01:47]} 36... Ra4 {[%clk 0:12:33]}
37. b3 {[%clk 0:01:54]} 37... e5+ {[%clk 0:10:46]} 38. Kd5 {[%clk 0:01:25]}
38... Nxc4 {[%clk 0:10:44]} 39. bxc4 {[%clk 0:00:34]} 39... Kd7 {[%clk 0:10:20]
} 40. Rb2 {[%clk 0:00:35]} 40... Kc7 {[%clk 0:10:41]} 41. c5 {[%clk 0:00:32]}
41... Ra1 {[%clk 0:10:17]} 42. Rd2 {[%clk 0:22:40]} 42... Ra4 {[%clk 0:38:32]}
43. Rd3 {[%clk 0:17:05]} 43... Ra8 {[%clk 0:35:30]} 44. Rg3 {[%clk 0:14:20]}
44... Rd8+ {[%clk 0:35:44]} 45. Kc4 {[%clk 0:09:31]} 45... Rd7 {[%clk 0:35:55]}
46. h4 {[%clk 0:06:52]} 46... h5 {[%clk 0:35:38]} 47. Kb5 {[%clk 0:05:26]}
47... e4 {[%clk 0:34:59]} 48. Kc4 {[%clk 0:03:41]} 48... Kc6 {[%clk 0:34:43]}
49. Re3 {[%clk 0:03:38]} 49... f5 {[%clk 0:35:04]} 50. g3 {[%clk 0:03:39]}
50... Rd5 {[%clk 0:35:07]} 51. Re1 {[%clk 0:01:28]} 51... Rxc5+ {[%clk 0:35:22]
} 52. Kd4 {[%clk 0:01:25]} 52... Rd5+ {[%clk 0:35:37]} 53. Ke3 {[%clk 0:00:35]}
53... Kc5 {[%clk 0:32:54]} 54. Rc1 {[%clk 0:00:31]} 54... Kc4 {[%clk 0:33:01]}
55. Kf4 {[%clk 0:00:36]} 55... g6 {[%clk 0:33:21]} 56. Kg5 {[%clk 0:00:34]}
56... Rd6 {[%clk 0:33:41]} 57. Kf4 {[%clk 0:00:31]} 57... Rd3 {[%clk 0:33:47]}
58. Kg5 {[%clk 0:00:32]} 58... Rxg3+ {[%clk 0:34:08]} 59. Kf4 {[%clk 0:00:31]}
59... Rg4+ {[%clk 0:33:51]} 60. Ke3 {[%clk 0:00:31]} 60... Rxh4 {[%clk 0:33:43]
} 0-1

[Event "DVM U16 2020"]
[Site "Willingen GER"]
[Date "2021.06.27"]
[Round "7"]
[White "Schuh, Ramon"]
[Black "Tenbosch, Till Theo"]
[Result "0-1"]
[Termination "normal"]
[Board "8.3"]
[WhiteElo "1378"]
[BlackElo "1307"]
[WhiteClock "00:07:13"]
[BlackClock "00:15:51"]
[WhiteTeam "FVS ASP Hoyerswerda"]
[BlackTeam "Schachklub Münster 32 e. V."]
[PlyCount "53"]
[WhiteFideId "16215982"]
[BlackFideId "16255461"]
[EventCountry "GER"]
[EventRounds "7"]
[EventType "team-swiss"]
[EventDate "2021.06.23"]

1. e4 {[%clk 1:30:57]} 1... c6 {[%clk 1:30:56]} 2. d4 d5 3. Nc3 {[%clk 1:31:36]
} 3... dxe4 {[%clk 1:31:45]} 4. Nxe4 {[%clk 1:31:52]} 4... Nf6 {[%clk 1:32:04]}
5. Nxf6+ {[%clk 1:31:52]} 5... exf6 {[%clk 1:32:28]} 6. Nf3 {[%clk 1:29:15]}
6... Bd6 {[%clk 1:31:47]} 7. Be2 {[%clk 1:27:42]} 7... O-O {[%clk 1:27:13]} 8.
O-O {[%clk 1:24:09]} 8... Re8 {[%clk 1:23:05]} 9. h3 {[%clk 1:14:52]} 9... h6 {
[%clk 1:17:42]} 10. Re1 {[%clk 1:09:35]} 10... Be6 11. c4 {[%clk 1:09:20]}
11... Bb4 {[%clk 1:13:06]} 12. Bd2 Qa5 13. a3 {[%clk 1:05:48]} 13... Bxd2 {
[%clk 1:07:40]} 14. Qxd2 {[%clk 1:06:07]} 14... Qxd2 {[%clk 1:07:10]} 15. Nxd2
{[%clk 1:01:14]} 15... f5 {[%clk 1:03:07]} 16. Rad1 {[%clk 0:52:22]} 16... Nd7
{[%clk 1:00:57]} 17. Nf3 {[%clk 0:45:07]} 17... Nf6 {[%clk 0:58:28]} 18. Ne5 {
[%clk 0:28:00]} 18... Rad8 {[%clk 0:52:45]} 19. Bf3 {[%clk 0:21:13]} 19... Ne4
{[%clk 0:49:51]} 20. b3 {[%clk 0:18:57]} 20... f6 {[%clk 0:38:57]} 21. Ng6 {
[%clk 0:16:28]} 21... Bf7 22. Bh5 {[%clk 0:15:51]} 22... Kh7 {[%clk 0:35:09]}
23. Nf4 {[%clk 0:11:37]} 23... g6 {[%clk 0:17:17]} 24. Bf3 {[%clk 0:07:24]}
24... g5 25. Bh5 {[%clk 0:07:48]} 25... Bxh5 {[%clk 0:15:51]} 26. Nxh5 { [%clk
0:07:13]} 26... Kg6 27. Ng3 0-1

[Event "DVM U16 2020"]
[Site "Willingen GER"]
[Date "2021.06.27"]
[Round "7"]
[White "Rohe, Markus"]
[Black "Friedrich, Eddie"]
[Result "0-1"]
[Termination "normal"]
[Board "8.4"]
[WhiteElo "1113"]
[BlackElo "1550"]
[WhiteClock "00:40:15"]
[BlackClock "00:46:16"]
[WhiteTeam "Schachklub Münster 32 e. V."]
[BlackTeam "FVS ASP Hoyerswerda"]
[PlyCount "70"]
[WhiteFideId "34605983"]
[BlackFideId "16274946"]
[EventCountry "GER"]
[EventRounds "7"]
[EventType "team-swiss"]
[EventDate "2021.06.23"]

1. e4 {[%clk 1:30:58]} 1... c5 {[%clk 1:30:57]} 2. Nf3 {[%clk 1:31:09]} 2... d6
{[%clk 1:31:24]} 3. c3 {[%clk 1:31:18]} 3... Nf6 {[%clk 1:31:43]} 4. Bd3 {
[%clk 1:31:27]} 4... Nc6 {[%clk 1:31:29]} 5. h3 {[%clk 1:31:38]} 5... a6 {
[%clk 1:31:27]} 6. Bc2 {[%clk 1:31:54]} 6... g6 {[%clk 1:31:12]} 7. d4 { [%clk
1:31:56]} 7... cxd4 {[%clk 1:31:12]} 8. Nxd4 {[%clk 1:31:14]} 8... Nxd4 { [%clk
1:31:06]} 9. Qxd4 {[%clk 1:31:02]} 9... Qc7 {[%clk 1:29:53]} 10. Be3 { [%clk
1:29:30]} 10... Bg7 {[%clk 1:29:48]} 11. O-O {[%clk 1:27:45]} 11... O-O { [%clk
1:29:58]} 12. Nd2 {[%clk 1:27:25]} 12... Bd7 {[%clk 1:26:40]} 13. Rfe1 { [%clk
1:27:16]} 13... Rac8 {[%clk 1:26:39]} 14. Rad1 {[%clk 1:26:26]} 14... Bc6
{[%clk 1:26:24]} 15. Bg5 {[%clk 1:22:56]} 15... Nxe4 {[%clk 1:23:42]} 16. Qd3 {
[%clk 1:15:16]} 16... Nxg5 {[%clk 1:22:45]} 17. Qg3 {[%clk 1:09:11]} 17... Ne6
{[%clk 1:20:43]} 18. Bb3 {[%clk 1:07:58]} 18... Nc5 {[%clk 1:18:08]} 19. Bc2 {
[%clk 1:06:55]} 19... Rce8 {[%clk 1:16:52]} 20. Re2 {[%clk 1:06:55]} 20... Na4
{[%clk 1:16:24]} 21. Bxa4 {[%clk 1:05:13]} 21... Bxa4 {[%clk 1:15:53]} 22. Rde1
{[%clk 1:05:33]} 22... Bb5 {[%clk 1:14:07]} 23. Re4 {[%clk 1:00:07]} 23... Bh6
{[%clk 1:12:45]} 24. Nf3 {[%clk 0:59:12]} 24... Bc6 {[%clk 1:10:15]} 25. Rh4 {
[%clk 0:57:54]} 25... Bg7 {[%clk 1:03:42]} 26. Nd4 {[%clk 0:55:35]} 26... Bxd4
{[%clk 1:00:52]} 27. cxd4 {[%clk 0:55:54]} 27... Kg7 {[%clk 1:01:15]} 28. Qc3 {
[%clk 0:55:37]} 28... d5 {[%clk 0:59:24]} 29. Re5 {[%clk 0:51:48]} 29... e6 {
[%clk 0:57:03]} 30. Qc1 {[%clk 0:48:41]} 30... Rh8 {[%clk 0:56:15]} 31. Qh6+ {
[%clk 0:46:14]} 31... Kg8 {[%clk 0:56:43]} 32. Rg4 {[%clk 0:44:40]} 32... f6 {
[%clk 0:53:41]} 33. Re3 {[%clk 0:44:56]} 33... Qg7 {[%clk 0:53:27]} 34. Qf4 {
[%clk 0:42:41]} 34... g5 {[%clk 0:48:26]} 35. Qg3 {[%clk 0:40:15]} 35... h5 {
[%clk 0:46:16]} 0-1

[Event "DVM U16 2020"]
[Site "Willingen GER"]
[Date "2021.06.27"]
[Round "7"]
[White "Sabirov, Rafael"]
[Black "Payes Kanders, Valentin"]
[Result "1-0"]
[Termination "normal"]
[Board "9.1"]
[WhiteElo "1635"]
[BlackElo "1498"]
[WhiteTeam "Schachgemeinschaft Porz e. V."]
[BlackTeam "Schachfreunde Essen-Katernberg"]
[PlyCount "67"]
[WhiteFideId "16241185"]
[BlackFideId "16261046"]
[EventCountry "GER"]
[EventRounds "7"]
[EventType "team-swiss"]
[EventDate "2021.06.23"]

1. e4 c5 2. Nc3 e6 3. f4 d5 4. Nf3 Be7 5. g3 Nc6 6. Bg2 dxe4 7. Nxe4 Nf6 8. Nf2
O-O 9. O-O Qc7 10. b3 Rd8 11. Bb2 Nd5 12. Qe2 b6 13. Ne5 Bb7 14. Qh5 Nxe5 15.
Bxe5 Qd7 16. Be4 Nf6 17. Bxf6 Bxf6 18. Qxh7+ Kf8 19. Rad1 Ke7 20. Bxb7 Qxb7 21.
Qe4 Qa6 22. a4 Rac8 23. d3 Bd4 24. Kg2 Rh8 25. f5 e5 26. Ng4 f6 27. Qd5 Rhe8
28. Nxf6 Kxf6 29. Qd6+ Kf7 30. Qd5+ Ke7 31. f6+ gxf6 32. Rxf6 Kxf6 33. Rf1+ Kg5
34. h4+ 1-0

[Event "DVM U16 2020"]
[Site "Willingen GER"]
[Date "2021.06.27"]
[Round "7"]
[White "Kazimov, Alis"]
[Black "Berresheim, Nils"]
[Result "0-1"]
[Termination "normal"]
[Board "9.3"]
[WhiteElo "1341"]
[BlackElo "1588"]
[WhiteTeam "Schachgemeinschaft Porz e. V."]
[BlackTeam "Schachfreunde Essen-Katernberg"]
[PlyCount "120"]
[WhiteFideId "16255348"]
[BlackFideId "16246306"]
[EventCountry "GER"]
[EventRounds "7"]
[EventType "team-swiss"]
[EventDate "2021.06.23"]

1. e4 c5 2. c4 Nc6 3. Nc3 g6 4. g3 Bg7 5. Bg2 e6 6. d3 Nge7 7. Nge2 O-O 8. O-O
d6 9. Be3 Nd4 10. Rb1 Nec6 11. Qd2 a6 12. a3 b6 13. b3 Rb8 14. Bh6 Bxh6 15.
Qxh6 Bd7 16. Qd2 b5 17. Nxd4 Nxd4 18. Ne2 Qc7 19. Nxd4 cxd4 20. f4 e5 21. f5 f6
22. Bh3 g5 23. Bg4 bxc4 24. bxc4 Rb6 25. Qa5 Rfb8 26. Rxb6 Rxb6 27. Qd5+ Kg7
28. Bh5 Bc6 29. Qa5 Qb7 30. Rc1 Rb3 31. Be2 Qb6 32. Qxb6 Rxb6 33. Bd1 Kf8 34.
g4 Ke7 35. Kf1 Rb2 36. Rc2 Rb3 37. Ke2 Rxa3 38. Rb2 a5 39. Kd2 Kd7 40. Bc2 Ra1
41. Bb1 a4 42. Kc1 a3 43. Ra2 Rxa2 44. Bxa2 Ba4 45. h3 Kc6 46. Kb1 Kc5 47. Ka1
Bc2 48. Bb1 Bxb1 49. Kxb1 Kb4 50. Ka2 Kc3 51. Kxa3 Kxd3 52. Kb4 Kxe4 53. c5
dxc5+ 54. Kxc5 d3 55. h4 h6 56. hxg5 hxg5 57. Kd6 d2 58. Ke6 d1=Q 59. Kxf6 Qxg4
60. Kg6 Qxf5+ 0-1

[Event "DVM U16 2020"]
[Site "Willingen GER"]
[Date "2021.06.27"]
[Round "7"]
[White "Rasch, Lukas"]
[Black "Kogan, Gabriel"]
[Result "1-0"]
[Termination "normal"]
[Board "9.4"]
[WhiteElo "1591"]
[BlackElo "1535"]
[WhiteTeam "Schachfreunde Essen-Katernberg"]
[BlackTeam "Schachgemeinschaft Porz e. V."]
[PlyCount "69"]
[WhiteFideId "16272072"]
[BlackFideId "16238265"]
[EventCountry "GER"]
[EventRounds "7"]
[EventType "team-swiss"]
[EventDate "2021.06.23"]

1. e4 e5 2. Nf3 Nc6 3. c3 Nf6 4. Bd3 Bc5 5. O-O O-O 6. Bc2 d6 7. d4 Bb6 8. Be3
Bg4 9. Qd3 Bxf3 10. gxf3 exd4 11. cxd4 Nb4 12. Qb3 Nxc2 13. Qxc2 Qd7 14. Kh1
Qh3 15. Nd2 Ba5 16. Qb3 Rfe8 17. Rg1 Nh5 18. Rg5 b6 19. Rag1 c6 20. Qd3 Re6 21.
Qf1 Qxf1 22. Nxf1 Nf6 23. Rxg7+ Kh8 24. e5 Nd5 25. exd6 Rxd6 26. Rxf7 Rg6 27.
Rxg6 hxg6 28. Ng3 Kg8 29. Rd7 Bb4 30. Ne4 Kf8 31. Bh6+ Ke8 32. Rh7 Rd8 33. Rxa7
Ne7 34. a3 Bd6 35. Bg5 1-0

[Event "DVM U16 2020"]
[Site "Willingen GER"]
[Date "2021.06.27"]
[Round "7"]
[White "Geltz, Noah"]
[Black "Danninger, Jannik"]
[Result "1-0"]
[Termination "normal"]
[Board "10.1"]
[WhiteElo "2087"]
[BlackElo "1921"]
[WhiteTeam "SF HN-Biberach 1978 e.V."]
[BlackTeam "TV Tegernsee"]
[PlyCount "77"]
[WhiteFideId "16224256"]
[BlackFideId "16226402"]
[EventCountry "GER"]
[EventRounds "7"]
[EventType "team-swiss"]
[EventDate "2021.06.23"]

1. e4 c5 2. Nf3 d6 3. Bb5+ Bd7 4. Bxd7+ Qxd7 5. c4 g6 6. d4 Bg7 7. Nc3 cxd4 8.
Nxd4 Nc6 9. Be3 Nf6 10. f3 Rc8 11. b3 O-O 12. O-O a6 13. Qd2 Nxd4 14. Bxd4 b5
15. cxb5 axb5 16. a4 bxa4 17. Rxa4 Rb8 18. b4 Rfc8 19. b5 Ne8 20. Ra7 Rc7 21.
b6 Bxd4+ 22. Qxd4 Rcb7 23. Rfa1 Nf6 24. Rb1 Qc6 25. Rxb7 Rxb7 26. Nd5 Nxd5 27.
exd5 Qc2 28. Rb2 Qc1+ 29. Kf2 e5 30. dxe6 fxe6 31. Ra2 d5 32. Ra8+ Kf7 33. Qb4
Kf6 34. Qd4+ Kg5 35. Ra7 Qc6 36. h4+ Kh6 37. Qf4+ Kg7 38. Rxb7+ Kh8 39. Qf8#
1-0

[Event "DVM U16 2020"]
[Site "Willingen GER"]
[Date "2021.06.27"]
[Round "7"]
[White "Dietlmeier, Tobias"]
[Black "Gerold, Robin"]
[Result "1-0"]
[Termination "normal"]
[Board "10.2"]
[WhiteElo "1818"]
[BlackElo "1438"]
[WhiteTeam "TV Tegernsee"]
[BlackTeam "SF HN-Biberach 1978 e.V."]
[PlyCount "161"]
[WhiteFideId "16213963"]
[BlackFideId "16235185"]
[EventCountry "GER"]
[EventRounds "7"]
[EventType "team-swiss"]
[EventDate "2021.06.23"]

1. d4 Nf6 2. Bf4 g6 3. e3 Bg7 4. c4 c6 5. Nc3 d5 6. Bd3 Nbd7 7. Nf3 O-O 8. h3
b6 9. O-O Bb7 10. cxd5 Nxd5 11. Nxd5 cxd5 12. Qa4 a6 13. Rac1 b5 14. Qb3 Rc8
15. a4 Qb6 16. axb5 axb5 17. Qxb5 Qxb5 18. Bxb5 Nb6 19. Ne5 Bxe5 20. Bxe5 f6
21. Bc7 Nc4 22. Bxc4 dxc4 23. Bb6 Ba6 24. Ra1 Bb5 25. Ra5 Bc6 26. d5 Rb8 27.
dxc6 Rxb6 28. Rc5 Rc8 29. Rxc4 Rcxc6 30. Rxc6 Rxc6 31. b4 Rb6 32. Rb1 Kf7 33.
Kf1 Ke6 34. Ke2 f5 35. Kd3 Kd6 36. Kc4 Rc6+ 37. Kb3 Kc7 38. Rb2 Kb6 39. Rd2 Re6
40. Rd8 h5 41. Rd5 Kc6 42. Kc4 Re4+ 43. Rd4 Re5 44. g4 fxg4 45. hxg4 h4 46. g5
Rxg5 47. Rxh4 Re5 48. Rg4 g5 49. e4 e6 50. f3 Kd6 51. Rg1 Kc6 52. Rc1 Kd6 53.
Ra1 g4 54. Kd4 Rb5 55. Ra6+ Kd7 56. fxg4 Rxb4+ 57. Ke5 Rc4 58. Rd6+ Ke7 59.
Rxe6+ Kf7 60. Kf5 Rc1 61. Rf6+ Kg7 62. e5 Rf1+ 63. Kg5 Re1 64. Rf5 Re2 65. Kf4
Re1 66. Rg5+ Kh6 67. Rh5+ Kg6 68. Rh3 Kf7 69. Re3 Rf1+ 70. Kg5 Ke6 71. Kg6 Rg1
72. g5 Rg2 73. Kh6 Rh2+ 74. Kg7 Rg2 75. g6 Rg1 76. Rf3 Rh1 77. Rf6+ Kxe5 78.
Kf7 Ra1 79. Re6+ Kf5 80. g7 Rg1 81. Re8 1-0